000 00905cam a22002777a 4500
003 CHAP
005 20220329141234.0
008 971010c19721966 r 00010 d
010 _a64951
011 _a65923
035 _a73501
040 _cCHAP
082 0 4 _a301.16
_bS2Y
100 0 0 _aSchramm, Wilbur.
_9103166
245 1 3 _aLa ciencia de la comunicación humana
_b: nuevas orientaciones y nuevos descubrimientos en la investigación de la comunicación
260 _aMéxico, D.F. :
_bRoble,
_c1972 (c.1966)
300 _a166 p
590 _aBATCH-UPD
_b10
_c20130110
_lUCH01
_h0439
590 _aBATCH-UPD
_b10
_c20130410
_lUCH01
_h0114
590 _aBATCH-UPD
_b10
_c20130914
_lUCH01
_h1024
590 _aCONVERSION
_b10
_c20130109
_lUCH01
_h1335
650 1 4 _aComunicación, teoría de la.
_926242
901 _aBK
942 _cLIBRO
949 _a301.16 S2Y
_bBC
_cMUT
_d-153246
_eMUT
_h29502
_i73501
_si
999 _c64951
_d64951